Học sinh miền Nam ngày ấy, hôm nay

Đã lưu trong:
书目详细资料
格式: 图书
语言:Undetermined
出版: H. CTQG 2002
主题:
标签: 添加标签
没有标签, 成为第一个标记此记录!
Thư viện lưu trữ: Trung tâm Học liệu Trường Đại học Cần Thơ
LEADER 00416nam a2200157Ia 4500
001 CTU_53596
008 210402s9999 xx 000 0 und d
020 |b 45000 
082 |a 895.9228 
082 |b H419 
245 0 |a Học sinh miền Nam ngày ấy, hôm nay 
260 |a H. 
260 |b CTQG 
260 |c 2002 
650 |a vietnamese literature 
980 |a Trung tâm Học liệu Trường Đại học Cần Thơ